000 00724nam a2200181Ia 4500
008 151202s9999||||xx |||||||||||||| ||und||
082 _bPNVM-43630
100 _aदेशमुख श्रीकृष्ण.
245 _aउपनिषदे:केनोेपनिषद्.
260 _b"महाराष्ट्र ग्रंथ भांडार,कोल्हापूर."
260 _c2000
300 _a80
600 _aदेशमुख श्रीकृष्ण.
630 _aउपनिषदे:केनोेपनिषद्.
700 _aदेशमुख श्रीकृष्ण.
730 _aउपनिषदे:केनोेपनिषद्.
942 _cBOOK
999 _c1309582
_d1309579